| 000 | 00483nam a2200145 a 4500 | ||
|---|---|---|---|
| 001 | 000014074 | ||
| 005 | 20200929163449.0 | ||
| 008 | 090831s1956 dr 000 0 spa d | ||
| 040 |
_aDO-SdBNP _bspa _cBNPHU |
||
| 082 |
_axxxx _bxxxx |
||
| 245 | 0 | 0 | _aEvolución urbanistica de ciudad Trujillo. |
| 260 |
_aSanto Domingo : _bConsejo Administrativo del Distrito Nacional, _c1956. |
||
| 300 |
_a92 p. ; _c23 cm. |
||
| 500 | _aIncluye referencias bibliográficas y notas al pie de las páginas | ||
| 999 |
_c13676 _d13676 |
||